000 01117nam0a2200313 4500
001 RU\NLR\BIBL_A\011721058
005 20180620104620.0
010 _a978-5-00122-277-4
_950
021 _aRU
_bКН-П-18-2352
_9КН-П-18-032330
035 _a(NLR Aleph) 011721058
035 _a(RuMoRGB)009620702
090 _a11483629
_c11483629
100 _a20180606d2018 u y0rusy50 ca
101 0 _arus
102 _aRU
105 _ay|||zzzz000ay
200 1 _aТексты
_fСемён Лисов
210 _aМосква
_cПеро
_d2018
215 _a387 с.
_d21
327 1 _aСодерж.: Сказка; 23 главы; Акварели; Симфония № 1; Симфония № 2 (черная); Симфония № 3 (средневековая); Экспозиция романа; Мрави; На базе отдыха. 1 часть
686 _aШ5(2=Р)64-644
_2rubbk
686 2 _aШ6(2=Р)8-44
700 1 _aЛисов
_bС.
_gСемён
942 _cBOOK
980 _aNBR
980 _aNB